El gasto de educación 1996-2004 (Record no. 10859)

MARC details
000 -LEADER
campo de control de longitud fija 00339nam a2200145Ia 4500
001 - NÚMERO DE CONTROL
campo de control 1904
008 - DATOS DE LONGITUD FIJA--INFORMACIÓN GENERAL
campo de control de longitud fija 241024s9999 xx 000 0 und d
082 ## - NÚMERO DE LA CLASIFICACIÓN DECIMAL DEWEY
Número de clasificación 379.1/P358g/2
100 ## - ENTRADA PRINCIPAL--NOMBRE DE PERSONA
Nombre de persona Serge Peano
245 #0 - MENCIÓN DEL TÍTULO
Título El gasto de educación 1996-2004
260 ## - PUBLICACIÓN, DISTRIBUCIÓN, ETC.
Nombre del editor, distribuidor, etc. UNESCO
Fecha de publicación, distribución, etc. 2006
590 ## - NOTA LOCAL (RLIN)
Nota local si
901 ## - ELEMENTOS DE DATOS A LOCAL LDA (RLIN)
a 3/10/2011 2:24:24 p.m.

No items available.

© 2024. Todos los Derechos Reservados. Desarrollado por IDEICE